000 00930cab a2200229 4500
001 ABS54567
008 090401t1996 xxu||||| |||| 00| 0 eng d
035 _a(Sirsi) u11134
041 _aeng
100 _aDollar, P.
245 _aPrivity of contract: the way ahead
260 _c1996
350 _a0
490 _aProperty Review
_v6(1) February 1996, 10-12(3)
520 _aHighlights deficiencies in the recent Landlord and Tenant (Covenants) Act 1995, paying particular attention to the issue of drafting leasehold documents. Topics considered are new tenancies or old, agreements for lease, transmission of the benefit of surety covenants, liability and rights of a former landlord and the authorised guarantee agreement.
650 _aLANDLORD AND TENANT (COVENANTS) ACT 1995
650 _aLEASES
650 _aPRIVITY OF CONTRACT
690 _aPROPERTY-LANDLORD AND TENANT
942 _n0
948 _c04/03/1997
999 _c7091
_d7091